000
00302nam a2200133Ia 4500
008
240624s9999 xx 000 0 und d
041
_a
eng
082
_a
823 ATW
100
_a
ATWOOD MARGARET
245
_a
MADDADDAM
260
_c
2013
_a
New Delhi
_b
Bloomsbury
300
_a
416 : p.
365
_c
RS
_b
30
999
_c
28451
_d
28451